000 00554nam a2200205 a 4500
001 000001809
005 20200929145718.0
008 090629s2002 es 000 spa d
020 _a8493237639
040 _aDO-SdBNP
082 _aU49
100 1 _aUmbral, Francisco
_95877
245 1 3 _aLa república bananera USA /
_cUmbral, Francisco.
260 _aMadrid,
_c2002.
_bLatorre Literaria.
300 _a92p ;
_c21cm.
440 0 _aRara avis
_95878
440 0 _aIrreverentes y Latorre Literaria
_95879
500 _aContiene indice
049 _aBNPD
999 _c1686
_d1686